000 00471nam a2200157 i 4500
001 91040
003 ES-MaACL
005 20230906180625.0
007 t|
008 050126s1972 sp ||||1| spa d
100 1 _aLeón Hill, Eladia.
_971624
245 1 0 _aMiguel Angel Asturias
_b: lo ancestral en su obra literaria /
_cEladia León Hill.
260 _aNew York :
_bEliseo Torres & Sons,
_c[1972]
300 _a250 p. ;
_c21 cm.
852 _aES-MaACL
_jC-42785
_bR.81423
999 _c91040
_d91040